Polymer Journal (Record no. 14709)

MARC details
000 -LEADER
fixed length control field 00300nam a2200121Ia 4500
022 ## - INTERNATIONAL STANDARD SERIAL NUMBER
ISSN 0032-3896
245 #0 - TITLE STATEMENT
Title Polymer Journal
260 ## - PUBLICATION, DISTRIBUTION, ETC. (IMPRINT)
Name of publisher Society of Polymer Science
Place of publication Japan
310 ## - CURRENT PUBLICATION FREQUENCY
Current publication frequency M
500 ## - GENERAL NOTE
General note Ending Volume & Year: 20, 1988
942 ## - ADDED ENTRY ELEMENTS (KOHA)
Koha item type Bound Journal
Holdings
Withdrawn status Lost status Damaged status Not for loan Home library Current library Date acquired Accession Number Koha item type
      Bound journals RRII Library RRII Library 31/12/2021 14535J Bound Journal